00929nam a2200193Ia 4500008004100000020001500041041001200056082001600068100001400084245005300098260002500151300000800176650001600184942000700200999001500207952017100222952017100393952017100564221030s9999 xx 000 0 und d a0070993874 aEnglish a105.23bKah aZ. Kahavi 0aSwitching & Finite Automata Theorycby Z. Kahavi bTMHaNew Delhic2001 a658 aBE Computer cBK c1317d1317 pBE 5634g199.00l0o105.23 Kahr2024-06-13 00:00:00w2022-10-30yBK003Print4070aMIETLIBbMIETLIBcBL-Academic Block C, FL-2, CUP-27, SH-2, R-2d2002-06-1910HBE pBE 5635g199.00l0o105.23 Kahr2024-06-13 00:00:00w2022-10-30yBK003Print4070aMIETLIBbMIETLIBcBL-Academic Block C, FL-2, CUP-27, SH-3, R-3d2002-06-1910HBE pBE 5636g199.00l0o105.23 Kahr2024-06-13 00:00:00w2022-10-30yBK003Print4070aMIETLIBbMIETLIBcBL-Academic Block C, FL-2, CUP-27, SH-2, R-2d2002-06-1910HBE